Alistair MacLean's Golden Girl (Record no. 474808)

MARC details
000 -LEADER
fixed length control field 00453nam a2200169Ia 4500
003 - CONTROL NUMBER IDENTIFIER
control field 3228
005 - DATE AND TIME OF LATEST TRANSACTION
control field 20260605095902.0
008 - FIXED-LENGTH DATA ELEMENTS--GENERAL INFORMATION
fixed length control field 210818s9999 xx 000 0 und d
020 ## - INTERNATIONAL STANDARD BOOK NUMBER
International Standard Book Number 33228013118417
040 ## - CATALOGING SOURCE
Original cataloging agency MPL
Transcribing agency 3225
082 #0 - DEWEY DECIMAL CLASSIFICATION NUMBER
Classification number Gand
100 ## - MAIN ENTRY--PERSONAL NAME
Personal name GANDOLFI, Simon London, 1992
9 (RLIN) 38214
245 #0 - TITLE STATEMENT
Title Alistair MacLean's Golden Girl
260 ## - PUBLICATION, DISTRIBUTION, ETC.
Place of publication, distribution, etc. London:
Name of publisher, distributor, etc. Chapmans,
Date of publication, distribution, etc. 1992.
300 ## - PHYSICAL DESCRIPTION
Extent 248 Pages
Other physical details Illustrations
Dimensions 23 cm
942 ## - ADDED ENTRY ELEMENTS
item type Books
Source of classification or shelving scheme Dewey Decimal Classification
-- 282
-- Emmerencia Nonyane
Holdings
Withdrawn status Lost status Damaged status Not for loan Home library Current library Date acquired Cost, normal purchase price Total Checkouts Barcode Date last seen Price effective from item type
        Sabie Public Library (Closed for renovations) Sabie Public Library (Closed for renovations) 23.08.2021 200.00   33228013118417 23.08.2021 23.08.2021 Books